| 000 | 01433cam a22003855a 4500 | ||
|---|---|---|---|
| 001 | 16011334 | ||
| 005 | 20180118103148.0 | ||
| 008 | 091207t20172009enk frb 001 0 eng d | ||
| 010 | _a 2009282259 | ||
| 020 | _a9780745644370 (pbk.) | ||
| 020 | _a0745644376 (pbk.) | ||
| 035 | _a(OCoLC)ocn263295089 | ||
| 040 |
_aUKM _beng _cUKM _dBWKUK _dBWK _dBWX _dCDX _dTSU _dDLC _dEG-ScBUE |
||
| 041 | 1 |
_aeng _hfre |
|
| 082 | 0 | 4 |
_a320.96 _bBAY _222 |
| 100 | 1 | _aBayart, Jean-François. | |
| 240 | 1 | 0 |
_aEtat en Afrique : la politique du ventre. _lEnglish |
| 245 | 1 | 4 |
_aThe state in Africa : _bthe politics of the belly / _cJean-François Bayart ; translated from the French by Mary Harper, Christopher Harrison, Elizabeth Harrison. |
| 250 | _a2nd ed. | ||
| 260 |
_aCambridge ; _aMalden : _bPolity, _c2017. |
||
| 300 |
_axc, 370 p. ; _c23 cm. |
||
| 500 | _aReprinted 2nd edition 2009. | ||
| 504 | _aIncludes bibliographical references and index. | ||
| 546 | _aText in English ; translated from the original French. | ||
| 650 | _2BUEsh | ||
| 651 | 7 |
_aAfrica _xPolitics and government _y1960- _2BUEsh |
|
| 651 | 7 |
_aAfrica _xSocial conditions _y1960- _2BUEsh |
|
| 651 | 7 |
_aAfrica _xEconomic conditions _y1960- _2BUEsh |
|
| 653 |
_bBUSBOL _cOctober2017 |
||
| 655 |
_vText book _933728 |
||
| 700 | 1 |
_aHarper, Mary, _eHarrison, |
|
| 700 | 1 |
_aHarrison, Christopher, _etranslator. |
|
| 700 | 1 |
_aHarrison, Elizabeth, _etranslator. |
|
| 942 | _2ddc | ||
| 999 |
_c25506 _d25478 |
||